Entendiendo la nueva dinámica del comercio internacional

Salvato in:
Dettagli Bibliografici
Natura: testo
Tags: Aggiungi Tag
Nessun Tag, puoi essere il primo ad aggiungerne!!

MARC

LEADER 00000 a a2200000 04500
001 42605
003
040
245 |a Entendiendo la nueva dinámica del comercio internacional  
773 |g volumen25, número1114 (2004), páginas 9-10  
999 |c 24430  |d 24430